000 02893nam a22003975a 4500
005 20091209153335.0
008 080109s2008 nyu 000 0 eng
010 _aB-385369-380
020 _a9781416955313
_c125.00
020 _a1416955313
_c125.00
035 _aB-385369-380
037 _bBlueberry Books
040 _adpl
_bEnglish
082 _aS
100 _aKeene, Carolyn
245 _aThe perfect escape /
_cby Carolyn Keene
260 _aNew York
_bAladdin Paperbacks, Simon and Schuster Childrens Pub.,
_c2008
270 _a1230 Avenue of the America
_bNew York
_e10020
300 _a141p.
_c20cm(pbk)
490 _aPerfect mystery trilogy; book 3
490 _aNancy Drew girl detective; 32
942 _2ddc
_cCH
_hS
_mKEE
999 _c32364
_d32364